000 00630nam a2200181Ia 4500
008 100921s9999 xx 000 0 und d
082 _b16618
_a891.463 थ 77
100 _aपांढरीपांडे विजय.
245 _aआकाश माझ्या मुठीत आहे.
260 _b---
_c1977
300 _a96
_b---
365 _b8
520 _aललित-कादंबरी.
630 _aआकाश माझ्या मुठीत आहे.
650 _aललित-कादंबरी.
730 _aआकाश माझ्या मुठीत आहे.
942 _cBOOK
999 _c765731
_d765728